000 00461nam a2200169Ia 4500
003 GCL
008 140319s9999 xx 000 0 eng d
040 _aGCL /
_cGCL
082 0 4 _a621.381
_bM E
100 1 _aMEHTA, V. K
245 1 0 _aELEMENTS OF ELECTRONICS AND INSTRUMENTATION /
_cMEHTA, V. K
260 _a[S.N] :
_bCHAND AND COMPANY ،
_c1994
300 _a536 P
650 0 4 _aELECTRIC ENGINEERING
650 0 4 _aENGINEERING TECHNOLOGY
942 _2ddc
_cBK
999 _c12141
_d12141